00480nam a22001577a 450000500170000001000150001702000260003203500140005803700130007208200100008510000260009524500730012126000490019427000540024330000250029720170517143238.0 aENG-118213 a9788192219530c800.00 aEN-101745 bDBAD/PUB a925.4 aRay, Prafulla Chandra aLife and experiences of a bengali chemist /cby Prafulla Chandra Ray aKolakatabProfessor Manabendu Banerjeec2015 aThe Asiatic Society, 1 Park Street Kolkata-700016 axvi, 557pc22cm.(Hb)